01009nam a22002777a 45000010005000000030006000050050017000110080041000280200015000690400029000840500010001130820008001231000019001312450127001502500044002772600038003213000049003594900034004085050008004425200132004505210030005825210020006126500028006326500037006607000034006975210FISKH20250827125951.0241119b cb ||||| |||| 00| 0 eng d a0590203495 aFISKHbengcFISKHdFISKH aQH278 a507 aOxlade , Chris aThe World of the Microscope :bA practical introduction with projects & activities /cby Chris Oxlad and Corinne Stockley aFirst Scholastic printing, January 1995 aNew York : bScholastic ;c1989 . a48 pages : bcolor illustrations ;c25 cm .  aUsborne Science & Experiments aZ  aShows how to get the best from various types of microscopes, and suggests projects which reveal the detail of everyday objects.8 a1050 bLexile estimate 8 aZ bRaz-Plus  amicroscopevnon-fiction ascience experimentsvnon-fiction aChen, Kuo Kang eillustrator